<?xml version="1.0" encoding="UTF-8"?>
<record
    xmlns:xsi="http://www.w3.org/2001/XMLSchema-instance"
    xsi:schemaLocation="http://www.loc.gov/MARC21/slim http://www.loc.gov/standards/marcxml/schema/MARC21slim.xsd"
    xmlns="http://www.loc.gov/MARC21/slim">

  <leader>04390cam a22004694i 4500</leader>
  <controlfield tag="003">PE-LiUPU</controlfield>
  <controlfield tag="005">20250731173419.0</controlfield>
  <controlfield tag="008">150706s2007    miu     r     000 0 spa d</controlfield>
  <datafield tag="020" ind1=" " ind2=" ">
    <subfield code="a">9780825415968</subfield>
  </datafield>
  <datafield tag="035" ind1=" " ind2=" ">
    <subfield code="a">(Sirsi) i9780825415968</subfield>
  </datafield>
  <datafield tag="040" ind1=" " ind2=" ">
    <subfield code="a">PE-LiUPU</subfield>
    <subfield code="b">spa</subfield>
    <subfield code="c">PE-LiUPU</subfield>
    <subfield code="e">rda</subfield>
  </datafield>
  <datafield tag="049" ind1=" " ind2=" ">
    <subfield code="a">PRUA</subfield>
  </datafield>
  <datafield tag="082" ind1="0" ind2="4">
    <subfield code="a">251.02</subfield>
    <subfield code="b">P51n</subfield>
    <subfield code="2">21</subfield>
  </datafield>
  <datafield tag="100" ind1="1" ind2=" ">
    <subfield code="a">Phillips, John,</subfield>
    <subfield code="d">1927- ,</subfield>
    <subfield code="e">autor.</subfield>
  </datafield>
  <datafield tag="245" ind1="1" ind2="0">
    <subfield code="a">100 Bosquejos de sermones del Nuevo Testamento /</subfield>
    <subfield code="c">John Phillips.</subfield>
  </datafield>
  <datafield tag="264" ind1=" " ind2="1">
    <subfield code="a">Grand Rapids :</subfield>
    <subfield code="b">Portavoz,</subfield>
    <subfield code="c">2007.</subfield>
  </datafield>
  <datafield tag="300" ind1=" " ind2=" ">
    <subfield code="a">s. p&#xE1;ginas ;</subfield>
    <subfield code="c">22 cent&#xED;metros</subfield>
  </datafield>
  <datafield tag="336" ind1=" " ind2=" ">
    <subfield code="a">text</subfield>
    <subfield code="2">rdacontent</subfield>
  </datafield>
  <datafield tag="337" ind1=" " ind2=" ">
    <subfield code="a">unmediated</subfield>
    <subfield code="2">rdamedia</subfield>
  </datafield>
  <datafield tag="338" ind1=" " ind2=" ">
    <subfield code="a">volume</subfield>
    <subfield code="2">rdacarrier</subfield>
  </datafield>
  <datafield tag="505" ind1="0" ind2=" ">
    <subfield code="a">Los tres magos -- El bautismo de Jes&#xFA;s -- El serm&#xF3;n del monte: las bienaventuranzas -- El serm&#xF3;n del monte: continuaci&#xF3;n -- La oraci&#xF3;n del Se&#xF1;or -- El problema de Juan el Bautista -- Las par&#xE1;bolas misteriosas -- Los panes y los peces -- Un camafeo de la iglesia -- Los tres hombres ricos -- Se&#xF1;ales de un hip&#xF3;crita -- &#xA1;Jerusal&#xE9;n! -- &#xC9;l fue un poco m&#xE1;s all&#xE1; -- El hombre que crucific&#xF3; a Cristo -- La anunciaci&#xF3;n -- La virgen Mar&#xED;a -- El ni&#xF1;o Jes&#xFA;s -- La mujer que am&#xF3; mucho -- El rico insensato -- Excusas -- Dos hijos perdidos -- El infierno es real -- El pollino -- La par&#xE1;bola de las diez minas -- El hombre crucificado con Cristo -- El lugar llamado "de la Calavera" -- El Verbo hecho carne -- Os es necesario nacer de nuevo -- Una lecci&#xF3;n de obediencia -- El texto de todo el mundo -- Lamujer en el pozo -- Nueva vida en Cristo -- Cena en Betania -- Jes&#xFA;s es el camino -- &#xBF;Qu&#xE9; debo hacer con Jes&#xFA;s? -- Un llamado a la consagraci&#xF3;n -- Evangelismo mundial -- La iglesia en transici&#xF3;n -- Cu&#xE9;nteme la historia de Jes&#xFA;s -- La iglesia primitiva en acci&#xF3;n -- El juicio y el martirio de Esteban -- La conversi&#xF3;n de Saulo de Tarso -- T&#xED;tulos del Hijo de Dios -- Mucho m&#xE1;s -- El gran viaje: fase 1 -- El gran viaje: fase 2 -- Santificaci&#xF3;n -- La vieja naturaleza del creyente -- Libres de la ley -- El evangelio y el jud&#xED;o -- Cristo vive -- La esencia del evangelio -- El tribunal de Cristo -- Los puntos de vista misioneros de Pablo -- Se&#xF1;ales de ni&#xF1;ez espiritual -- La resurrecci&#xF3;n del creyente -- Las &#xFA;ltimas cuatro cosas -- Una vida transformada -- Una nueva criatura -- El modo de dar de los pobres -- Aunque era rico -- Pablo en prisi&#xF3;n -- El poder del pensamiento positivo -- El poder de una acci&#xF3;n de gracias perpetua -- Orar por otros cristianos -- La naturaleza divina de Cristo -- El evangelio y las sectas -- Las falsas ense&#xF1;anzas desenmascaradas -- Una cuerda triple -- El hombre viejo y el nuevo -- El hogar cristiano -- El hombre de negocios cristiano -- El vecino cristiano -- La llegada de la gran apostas&#xED;a -- Una m&#xE1;xima de fe -- Las cartas de Pablo a las iglesias -- Un comentario sobre la esclavitud -- Tu trono, oh Se&#xF1;or -- La gran ofrenda de Cristo -- Cristo nuestro sacerdote -- Las se&#xF1;ales del nuevo nacimiento -- Tal como &#xC9;l es, somos nosotros en este mundo -- Vida cristiana -- La gran bendici&#xF3;n -- Cristo revelado -- Las siete iglesias -- He aqu&#xED;, yo estoy a la puerta y llamo -- El tribunal celestial -- La primera bestia -- El gran trono blanco -- El trato que Dios da a los hombres -- La obra del Esp&#xED;ritu Santo -- Los nombres y la naturaleza del Esp&#xED;ritu Santo -- La unci&#xF3;n del Esp&#xED;ritu -- El Esp&#xED;ritu Santo y el mundo -- Las tres dimensiones de la oraci&#xF3;n -- La &#xE9;poca de la crisis -- Este hombre -- C&#xF3;mo nombra Jes&#xFA;s a su pueblo -- La doctrina de la salvaci&#xF3;n.</subfield>
  </datafield>
  <datafield tag="526" ind1=" " ind2=" ">
    <subfield code="a">SEG42</subfield>
  </datafield>
  <datafield tag="526" ind1=" " ind2=" ">
    <subfield code="a">SEG41</subfield>
  </datafield>
  <datafield tag="526" ind1=" " ind2=" ">
    <subfield code="a">SEG40</subfield>
  </datafield>
  <datafield tag="526" ind1=" " ind2=" ">
    <subfield code="a">SEG39</subfield>
  </datafield>
  <datafield tag="526" ind1=" " ind2=" ">
    <subfield code="a">P94</subfield>
  </datafield>
  <datafield tag="526" ind1=" " ind2=" ">
    <subfield code="a">P87</subfield>
  </datafield>
  <datafield tag="526" ind1=" " ind2=" ">
    <subfield code="a">P86</subfield>
  </datafield>
  <datafield tag="526" ind1=" " ind2=" ">
    <subfield code="a">P85</subfield>
  </datafield>
  <datafield tag="526" ind1=" " ind2=" ">
    <subfield code="a">P77</subfield>
  </datafield>
  <datafield tag="526" ind1=" " ind2=" ">
    <subfield code="a">P76</subfield>
  </datafield>
  <datafield tag="526" ind1=" " ind2=" ">
    <subfield code="a">P35</subfield>
  </datafield>
  <datafield tag="541" ind1=" " ind2=" ">
    <subfield code="g">001-0000583;</subfield>
  </datafield>
  <datafield tag="630" ind1=" " ind2=" ">
    <subfield code="a">Biblia.</subfield>
    <subfield code="p">N.T.</subfield>
    <subfield code="x">Sermones.</subfield>
  </datafield>
  <datafield tag="630" ind1=" " ind2=" ">
    <subfield code="a">Biblia.</subfield>
    <subfield code="p">N.T.</subfield>
    <subfield code="x">Homil&#xE9;tica.</subfield>
  </datafield>
  <datafield tag="910" ind1=" " ind2=" ">
    <subfield code="a">gl</subfield>
    <subfield code="c">jck</subfield>
    <subfield code="d">20120608</subfield>
  </datafield>
  <datafield tag="942" ind1=" " ind2=" ">
    <subfield code="2">ddc</subfield>
    <subfield code="c">BOOK</subfield>
  </datafield>
  <datafield tag="949" ind1=" " ind2=" ">
    <subfield code="a">251.02 P51N</subfield>
    <subfield code="w">DEWEY</subfield>
    <subfield code="c">1</subfield>
    <subfield code="i">64904</subfield>
    <subfield code="l">CCODEBUL1</subfield>
    <subfield code="m">BUL</subfield>
    <subfield code="p">12.00</subfield>
    <subfield code="r">0</subfield>
    <subfield code="s">Y</subfield>
    <subfield code="t">BOOK</subfield>
    <subfield code="u">2015-7-6</subfield>
    <subfield code="x">TEOLOGIA</subfield>
    <subfield code="P">P35</subfield>
    <subfield code="o">.STAFF. Colecci&#xF3;n Teolog&#xED;a</subfield>
  </datafield>
  <datafield tag="994" ind1=" " ind2=" ">
    <subfield code="a">C0</subfield>
    <subfield code="b">PEPRU</subfield>
  </datafield>
  <datafield tag="596" ind1=" " ind2=" ">
    <subfield code="a">1</subfield>
  </datafield>
  <datafield tag="999" ind1=" " ind2=" ">
    <subfield code="a">251.02 P51N</subfield>
    <subfield code="w">DEWEY</subfield>
    <subfield code="c">53613</subfield>
    <subfield code="i">64904</subfield>
    <subfield code="d">53613</subfield>
    <subfield code="e">2018-5-24</subfield>
    <subfield code="f">2021-11-10</subfield>
    <subfield code="g">5</subfield>
    <subfield code="l">CCODEBUL1</subfield>
    <subfield code="m">BUL</subfield>
    <subfield code="n">9</subfield>
    <subfield code="p">12.00</subfield>
    <subfield code="q">6</subfield>
    <subfield code="r">0</subfield>
    <subfield code="s">Y</subfield>
    <subfield code="t">BOOK</subfield>
    <subfield code="u">2015-7-6</subfield>
    <subfield code="x">TEOLOGIA</subfield>
    <subfield code="P">P35</subfield>
    <subfield code="0">COMPRA</subfield>
    <subfield code="o">.STAFF. Colecci&#xF3;n Teolog&#xED;a</subfield>
  </datafield>
  <datafield tag="980" ind1=" " ind2=" ">
    <subfield code="8">1</subfield>
    <subfield code="g">ALBERTO SANCHEZ Responsable de Automatizaci&#xF3;n</subfield>
  </datafield>
  <datafield tag="952" ind1=" " ind2=" ">
    <subfield code="r">2025-12-03 00:00:00</subfield>
    <subfield code="i">6</subfield>
    <subfield code="l">12</subfield>
    <subfield code="o">251.02 P51N</subfield>
    <subfield code="p">64904</subfield>
    <subfield code="s">2024-09-23</subfield>
    <subfield code="t">e1</subfield>
    <subfield code="v">17.00</subfield>
    <subfield code="w">2015-07-06</subfield>
    <subfield code="x">FT</subfield>
    <subfield code="y">BK</subfield>
    <subfield code="z">inventario-2023-12-13</subfield>
    <subfield code="1">0</subfield>
    <subfield code="2">ddc</subfield>
    <subfield code="5">0</subfield>
    <subfield code="7">0</subfield>
    <subfield code="8">GEN</subfield>
    <subfield code="f">P35</subfield>
    <subfield code="a">BUL</subfield>
    <subfield code="b">BUL</subfield>
    <subfield code="c">GEN</subfield>
    <subfield code="d">2015-07-06</subfield>
    <subfield code="e">COMPRA</subfield>
    <subfield code="g">12.00</subfield>
  </datafield>
</record>
